Geography Quiz

Random Geography or State Quiz
Score 0/9 Timer 01:30
1 Play Today
States % Correct
Florida
87.2%
Georgia
80.3%
Arizona
75.8%
Alabama
74.3%
Montana
69.8%
Vermont
69.6%
New York
69.2%
Indiana
66%
Wyoming
59.5%
Remove Ads.
Support Sporcle.
Get the best of Sporcle when you Go Orange. This ad-free experience offers more features, more stats, and more fun while also helping to support Sporcle. Thank you for becoming a member.

You're not logged in!

Compare scores with friends on all Sporcle quizzes.
OR
Log In

Show Comments

Extras

Top Quizzes Today


Score Distribution

Your Account Isn't Verified!

In order to create a playlist on Sporcle, you need to verify the email address you used during registration. Go to your Sporcle Settings to finish the process.

Report this User

Report this user for behavior that violates our Community Guidelines.

Details: